| 000 | 00441cam a2200193u 4500 | ||
|---|---|---|---|
| 001 | 8000914 | ||
| 005 | 20180224032540.0 | ||
| 008 | 810709s1966 paua 000 0 eng | ||
| 010 | _a 66002791 | ||
| 040 |
_aDLC _cCarP _dDLC |
||
| 041 | _aeng | ||
| 080 | _a371 | ||
| 082 | _2371 CUL | ||
| 100 | 1 | _a25 | |
| 101 | _aEDU | ||
| 245 | 1 | 0 | _aBuilding your home life |
| 906 |
_a0 _bcbc _cpremunv _du _encip _f19 _gy-gencatlg |
||
| 942 |
_2ddc _cBK |
||
| 999 |
_c43356 _d43356 |
||